MDQL
is popping MORE tags! Check the
thread
!
Quizzes
Events
Quiz Creation
Community
Videos
Private Events
Remove Ads
Sign In
Join for FREE
Feedback
Dark Mode
Quiz Categories
Sports
Geography
Music
Movies
Television
Just For Fun
Miscellaneous
History
Literature
Language
Science
Gaming
Entertainment
Religion
Holiday
For Kids
Quiz Lab
Recent
Popular Today
Quiz Kudos Today
Editor Picks
Curator Picks
Quizzes by...
Day
Popularity
Type
Ratings
Length
Year
Community
Subscriptions
Recent Discussions
Orange Saloon
Badges
Playlists
Quests
Create
Leaderboards
Showdown
Live 5
Trivia Bingo
Activity
Puzzle Library
Sporcle Events
Private Events
Virtual Trivia
Globe League
Become a Host
Pub Owners
SporcleCon
Opinionation
Our Games
Videos
Blog
Mobile Apps
Partnerships
Remove Ads and Go Orange
Feedback
Music
Pop Music
The Beatles
Song
Album
Lyrics
Bands
Singers
Artist
Clip
Rock
Rap
Classical
Billboard
Country Music
Kpop
Taylor Swift
Music
Pop Music
The Beatles
Song
Album
Lyrics
Bands
Singers
Artist
Clip
Rock
Rap
Classical
Billboard
Country Music
Kpop
Taylor Swift
Random Quiz
Search Sporcle
×
Quiz Lab
Quiz Lab
Music
Artist
Type in answers that appear in a list
Type in answers that appear in a list
Classic
Best Score? Go Orange.
UK Number One Hits of 1985 Stats
Can you name the UK Number One Hits of 1985?
By
Pearlyman
8m
19 Questions
182 Plays
182 Plays
182 Plays
Comments
Comments
Give Quiz Kudos
Give Quiz Kudos
-
- Ratings
hide this ad
Replay
Link that replays current quiz
Next Quiz
Link to next quiz in quiz playlist
You Got
0%
They Got
Avg Score
61%
Avg Friend Score
Upgrade to see
Score Distribution
Jump to the score distribution portion of the page
Score
0/19
Timer
08:00
0
Plays Today
Artist
Song
% Correct
Dead or Alive
You Spin Me Round (Like A Record)
86.3%
Foreigner
I Want To Know What Love Is
85.7%
USA For Africa
We Are The World
82.4%
David Bowie & Mick Jagger
Dancing in the Street
81.9%
Paul Hardcastle
19
78.6%
Phil Bailey & Phil Collins
Easy Lover
75.8%
Jennifer Rush
The Power of Love
75.3%
UB40 with Chrissie Hynde
I Got You Babe
68.7%
Feargal Sharkey
A Good Heart
67%
Elaine Paige & Barbara Dickson
I Know Him So Well
64.3%
Artist
Song
% Correct
Madonna
Into the Groove
52.2%
Sister Sledge
Frankie
50%
Phyllis Nelson
Move Closer
49.5%
Shakin' Stevens
Merry Christmas Everyone
47.3%
Eurythmics
There Must Be An Angel (Playing With My Heart)
46.7%
Midge Ure
If I Was
45.6%
Whitney Houston
Saving All My Love For You
41.8%
Wham
I'm Your Man
39%
The Crowd
You'll Never Walk Alone
31.9%
Quiz Playlist
Details
Report
Send in Message
Add To Playlist
Classic:
Type in answers that appear in a list
Quiz Source
Last Updated: Feb 16, 2017
Quiz Scoreboard
CHALLENGE
Sign Up to Join the Scoreboard
Show All
Scores
Hide
Comments
May contain spoilers
Recently Published
5x2 Blitz: Bands
by SL_Kpop136
Music
30s
Colored Red Africa Blitz
by spor1
Geography
30s
Find the 'City' Movie
by crazypaving
Movies
60s
More to Explore
Quiz From the Vault
Featured Blog Post
14 Easter Pick-up Lines to Find Eggs With
hide this ad
You Might Also Like...
Tags
Artist Quiz
Numbers Quiz
Song Quiz
1985
hit
No 1
One Hits
Week
Today's Top Quizzes in Music
Browse Music
hide this ad
Today's Top Quizzes in Artist
Browse Artist
Top Contributed Quizzes in Music
1
5X2 Blitz: Bands II
2
Taylor Swift Logic Puzzle II
3
Taylor Swift All Songs (2024)
4
5X2 Blitz: The Beatles
5
5X2 Blitz: Billboard
6
5X2 Blitz: Singers
7
5X2 Blitz: Album
8
5X2 Blitz: Rock
9
Music Artist by Three 2010s hits
10
5X2 Blitz: Billboard II
Explore More
Trending Topics
Harry Potter
Crossword
Disney
Marvel
NBA
Anime
Kpop
Song
NFL
Soccer
The Office
Country
WWE
Pokémon
Puzzle
hide this ad
More By:
Pearlyman
Quiz
Plays
Rating
Category
Featured
Created
BBC Overseas Sports Personalities
1,010
4.43
Sports
Nov 15, 2009
Crowded House Songs
780
4.00
Music
Nov 4, 2009
Grand National (Steeplechase) Winners
762
5.00
Sports
Oct 4, 2009
UK Champion Flat Jockeys
604
4.00
Sports
Nov 5, 2009
Grand National Runners-Up
407
5.00
Sports
Dec 23, 2009
Go to Creator's Profile
Score Distribution
Quiz Creator Spotlight
Pearlyman
Follow
Send a Message
Quizzes Created
-
Created Quiz Play Count
-
More By This Creator
Popular Quizzes Today
1
Find the 'City' Movie
2
Colored Red Africa Blitz
3
Find the US States - No Outlines Minefield
4
5x2 Blitz: Bands
5
The Countries of the World
6
Find the US States
7
US States
8
9x9 Crossword: Cartoon Network
More Music Quizzes
Billie Eilish Songs
Quiz Lab
Trending Quizzes
Colored Red Europe Blitz I
Colored Red Africa Blitz II
Colored Red Europe Blitz II
Colored Red Africa Blitz III
Colored Red Europe Blitz III
Recently Updated
Famous TV Couples
Peacemaker
Champions League XIs: Real Madrid
pecheneg
Largest US Cities 1790-2010
pecheneg
Rides in Walt Disney World
pecheneg
Most Oscar Losses (Acting)
pecheneg
Beyoncé Albums
pecheneg
Leaping Animals
pecheneg
Reality TV Shows (A-Z)
bhenderson79
Rickey Henderson's Hall of Fame Teammates
pecheneg
Champions League XIs: Arsenal
pecheneg
Trending Topics
Crossword
Anime
Harry Potter
NBA
Kpop
Disney
Marvel
Soccer
Country
Song
Pokémon
NFL
WWE
Puzzle
The Office
Your Account Isn't Verified!
In order to create a playlist on Sporcle, you need to verify the email address you used during registration. Go to your
Sporcle Settings
to finish the process.
Report this User
Report this user for behavior that violates our
Community Guidelines
.
Details:
Send Report
Go to the Sporcle.com Mobile Site →
Comments